00484nam a22001337a 4500003000500000038001800005082000800023100002700031245013300058264003500191650003200226700003500258856005700293NUST aNusrat Nadeem a200 aNaqshbandi, Syed Tariq aReinforcement learning-based - controller and nonlinear control optimizer for cancerous tumor dynamics/cSyed Tariq Naqshbandi,  aIslamabad:bSEECS NUST.c2025. aMS- Electrical Engineering  aSupervisor: Dr. Iftikhar Ahmad uhttp://10.250.8.41:8080/xmlui/handle/123456789/54626